Football's 50 best of all time - Statistics

General Stats
  • This quiz has been taken 171 times
    109 since last reset
  • The average score is 37 of 50
Answer Stats
Unofficial Rank Nation Age Notable Club Answer % Correct
5. Portugal 36 Real Madrid Cristiano Ronaldo
98%
4. Argentina 33 Barcelona Lionel Messi
98%
1. Brazil 80 Santos Pele
98%
2. Argentina 60 (At Time of Death) Napoli Diego Maradona
97%
25. Brazil 44 Real Madrid Ronaldo
97%
6. Brazil 29 FC Barcelona Neymar
94%
3. Netherlands 68 (At Time of Death) Ajax Johan Cruyff
93%
8. Uruguay 34 FC Barcelona Luis Suarez
93%
7. Sweden 39 PSG Zlatan Ibrahimovic
93%
15. Wales 31 Real Madrid Gareth Bale
91%
12. Argentina 32 Manchester City Sergio Aguero
87%
17. France 48 Real Madrid Zinedine Zidane
86%
9. Spain 36 FC Barcelona Andres Iniesta
85%
14. Spain 35 Real Madrid Sergio Ramos
85%
44. Germany 75 Bayern Munich Gerd Muller
84%
10. Italy 43 Juventus Gianluigi Buffon
84%
19. Netherlands 37 Bayern Munich Arjen Robben
83%
11. Brazil 41 FC Barcelona Ronaldinho
83%
26. Wales 47 Man United Ryan Giggs
83%
16. Germany 35 Bayern Munich Manuel Neuer
81%
20. France 38 Bayern Munich Franck Ribery
80%
23. Italy 52 AC Milan Paolo Maldini
80%
47. France 43 Arsenal Thierry Henry
79%
31. Hungary 79 (At Time of Death) Real Madrid Ferenc Puskas
77%
29. Portugal 71 (At Time of Death) SL Benfica Eusebio
76%
35. Northern Ireland 59 (At Time of Death) Manchester United George Best
76%
39. Liberia 54 AC Milan George Weah
74%
13. Denmark 57 Manchester United Peter Schmeichel
72%
18. Germany 37 Bayern Munich Philipp Lahm
70%
36. Netherlands 58 AC Milan Ruud Gullit
70%
22. Germany 75 Bayern Munich Franz Beckenbauer
69%
21. Italy 41 Juventus Andrea Pirlo
67%
30. England 83 Manchester United Bobby Charlton
66%
27. Netherlands 56 AC Milan Marco Van Basten
66%
48. Brazil 48 Real Madrid Roberto Carlos
66%
45. Russia 60 (At Time of Death) Dynamo Moscow Lev Yashin
65%
42. England 35 Manchester United Wayne Rooney
65%
34. Argentina/Colombia/Spain 88 (At Time of Death) Real Madrid Alfredo Di Stefano
63%
37. Brazil 38 AC Milan Kaka
63%
28. France 65 Juventus Michel Platini
62%
49. Scotland 70 Liverpool Kenny Dalglish
60%
43. Brazil 50 AC Milan Cafu
58%
24. Italy 60 AC Milan Franco Baresi
58%
32. Brazil 49 (At Time of Death) Botafogo Garrincha
58%
50. England 45 Manchester United David Beckham
55%
33. Brazil 68 Flamengo Zico
50%
41. Brazil 55 PSV Eindhoven Romario
44%
40. Netherlands 58 Ajax Frank Rijkaard
41%
46. Italy 54 Juventus Roberto Baggio
40%
38. Italy 68 (At Time of Death) Inter Milan Gieuseppe Meazza
24%
No matching quizzes found
Score Distribution
Percent of People with Each Score
Percentile by Number Answered
Your Score History
You have not taken this quiz since the last reset